Properties of concrete / (Record no. 7824)
[ view plain ]
| 000 -LEADER | |
|---|---|
| fixed length control field | 00973cac a22003015a 4500 |
| 003 - CONTROL NUMBER IDENTIFIER | |
| control field | EG-ScBUE |
| 005 - DATE AND TIME OF LATEST TRANSACTION | |
| control field | 20200823111411.0 |
| 008 - FIXED-LENGTH DATA ELEMENTS--GENERAL INFORMATION | |
| fixed length control field | 081013r20091995enka f b 001 0 eng d |
| 020 ## - INTERNATIONAL STANDARD BOOK NUMBER | |
| International Standard Book Number | 0582230705 |
| 020 ## - INTERNATIONAL STANDARD BOOK NUMBER | |
| International Standard Book Number | 9780582230705 |
| 040 ## - CATALOGING SOURCE | |
| Original cataloging agency | EG-ScBUE |
| Language of cataloging | eng |
| Description conventions | rda |
| Transcribing agency | EG-ScBUE |
| Modifying agency | EG-ScBUE |
| -- | EG-ScBUE |
| 082 04 - DEWEY DECIMAL CLASSIFICATION NUMBER | |
| Classification number | 620.136 |
| Item number | NEV |
| Edition number | 22 |
| 100 1# - MAIN ENTRY--PERSONAL NAME | |
| Personal name | Neville, Adam M., |
| Relator term | author. |
| 9 (RLIN) | 5361 |
| 245 10 - TITLE STATEMENT | |
| Title | Properties of concrete / |
| Statement of responsibility, etc | A. M. Neville. |
| 250 ## - EDITION STATEMENT | |
| Edition statement | Fourth edition. |
| 250 ## - EDITION STATEMENT | |
| Edition statement | Reprint edition. |
| 264 #1 - PUBLICATION, DISTRIBUTION, ETC. (IMPRINT) | |
| Place of publication, distribution, etc | Harlow, England : |
| Name of publisher, distributor, etc | Pearson Education Limited, |
| Date of publication, distribution, etc | 2009. |
| 300 ## - PHYSICAL DESCRIPTION | |
| Extent | xvii, 844 pages : |
| Other physical details | illustrations ; |
| Dimensions | 24 cm |
| 336 ## - CONTENT TYPE | |
| Source | rdacontent |
| Content type term | text |
| Content type code | txt |
| 337 ## - MEDIA TYPE | |
| Source | rdamedia |
| Media type term | unmediated |
| Media type code | n |
| 338 ## - CARRIER TYPE | |
| Source | rdacarrier |
| Carrier type term | volume |
| Carrier type code | nc |
| 500 ## - GENERAL NOTE | |
| General note | Includes appendices. |
| 504 ## - BIBLIOGRAPHY, ETC. NOTE | |
| Bibliography, etc | Includes bibliographical references and index. |
| 650 #7 - SUBJECT ADDED ENTRY--TOPICAL TERM | |
| Topical term or geographic name as entry element | Concrete. |
| Source of heading or term | BUEsh |
| 9 (RLIN) | 5362 |
| 653 ## - INDEX TERM--UNCONTROLLED | |
| Resource For college | Generalities |
| Arrived date list | December2017 |
| 655 ## - INDEX TERM--GENRE/FORM | |
| Form subdivision | Reading book |
| 9 (RLIN) | 34232 |
| 942 ## - ADDED ENTRY ELEMENTS (KOHA) | |
| Koha item type | Book - Borrowing |
| Call number prefix | 620.136 NEV |
| Source of classification or shelving scheme | Dewey Decimal Classification |
| Withdrawn status | Lost status | Source of classification or shelving scheme | Damaged status | Not for loan | Home library | Current library | Shelving location | Date acquired | Source of acquisition | Total Checkouts | Full call number | Barcode | Date last seen | Date checked out | Price effective from | Koha item type | Collection code | Cost, normal purchase price |
|---|---|---|---|---|---|---|---|---|---|---|---|---|---|---|---|---|---|---|
| Dewey Decimal Classification | Central Library | Central Library | First floor | 07/02/2008 | Purchase | 3 | 620.136 NEV | 000009450 | 15/07/2025 | 22/10/2008 | 07/02/2008 | Book - Borrowing | ||||||
| Dewey Decimal Classification | Central Library | Central Library | First floor | 12/11/2009 | 620.136 NEV | 000018974 | 15/07/2025 | 12/11/2009 | Book - Borrowing | Baccah | ||||||||
| Dewey Decimal Classification | Central Library | Central Library | First floor | 15/11/2009 | Purchase | 620.136 NEV | 000009449 | 15/07/2025 | NB - Book (Non borrowing) | |||||||||
| Dewey Decimal Classification | Central Library | Central Library | First floor | 21/04/2011 | 620.136 NEV | 000007337 | 15/07/2025 | 21/04/2011 | Book - Borrowing | Baccah | ||||||||
| Dewey Decimal Classification | Central Library | Central Library | First floor | 21/04/2011 | 620.136 NEV | 000005105 | 15/07/2025 | 21/04/2011 | NB - Book (Non borrowing) | Baccah | ||||||||
| Dewey Decimal Classification | Central Library | Central Library | First floor | 21/04/2011 | 620.136 NEV | 000023382 | 15/07/2025 | 21/04/2011 | Book - Borrowing | Baccah | 180.00 | |||||||
| Dewey Decimal Classification | Central Library | Central Library | First floor | 21/04/2011 | 620.136 NEV | 000023383 | 15/07/2025 | 21/04/2011 | Book - Borrowing | Baccah | 180.00 | |||||||
| Dewey Decimal Classification | Central Library | Central Library | First floor | 21/04/2011 | 620.136 NEV | 000023385 | 15/07/2025 | 21/04/2011 | Book - Borrowing | Baccah | 180.00 | |||||||
| Dewey Decimal Classification | Central Library | Central Library | First floor | 27/12/2017 | 620.136 NEV | 000047046 | 15/07/2025 | 27/12/2017 | Book - Borrowing | |||||||||
| Dewey Decimal Classification | Central Library | Central Library | First floor | 23/08/2020 | Purchase | 620.136 NEV | 000049457 | 15/07/2025 | 23/08/2020 | Book - Borrowing | Baccah | |||||||
| Dewey Decimal Classification | Central Library | Central Library | First floor | 30/08/2020 | Purchase | 620.136 NEV | 000049589 | 15/07/2025 | 30/08/2020 | Book - Borrowing | unknown | |||||||
| Dewey Decimal Classification | Central Library | Central Library | First floor | 08/09/2020 | Purchase | 620.136 NEV | 000049612 | 15/07/2025 | 08/09/2020 | Book - Borrowing | unknown |